[Event "Budapest-chT1 Lilienthal 1718"]
[White "Vancsura, Zoltan"]
[Black "Ladanyi, Tibor"]
[Site "Budapest"]
[Round "11"]
[Result "0-1"]
[Date "2018.03.11"]
[WhiteElo "2215"]
[BlackElo "2154"]
[PlyCount "78"]
[EventDate "2017.10.01"]
[EventType "team-tourn"]
[EventRounds "13"]
[EventCountry "HUN"]
[SourceTitle "EXT 2021"]
[Source "ChessBase"]
[SourceDate "2020.10.23"]
[SourceVersion "1"]
[SourceVersionDate "2020.10.23"]
[SourceQuality "1"]
[WhiteTeam "Mattolda"]
[BlackTeam "Palota Sakk"]
[WhiteTeamCountry "HUN"]
[BlackTeamCountry "HUN"]

1. e4 c5 2. Nf3 Nc6 3. d4 cxd4 4. Nxd4 Nf6 5. Nc3 e5 6. Ndb5 d6 7. Bg5 a6 8. Na3 Be6 9. Nc4 Rb8 10. Ne3 Be7 11. Bxf6 Bxf6 12. Ncd5 Bg5 13. c3 Bxe3 14. Nxe3 0-0 15. Be2 Qb6 16. Qd2 Rfd8 17. 0-0 Ne7 18. Bf3 Qc5 19. Rfd1 b5 20. Rac1 Qb6 21. b3 a5 22. g3 b4 23. c4 Nc6 24. Nc2 Rd7 25. Qe3 Nd8 26. Rd2 Qxe3 27. fxe3 Nb7 28. Rcd1 Rbd8 29. Ne1 Kf8 30. Nd3 Ke7 31. Kf2 g6 32. h4 Nc5 33. Nxc5 dxc5 34. Rxd7+ Rxd7 35. Rxd7+ Bxd7 36. g4 Bc6 37. g5 a4 38. Kg3 a3 39. Bg2 Ba4 0-1

[Event "HUN-chT2 9596"]
[White "Lengyel, Laszlo"]
[Black "Vancsura, Zoltan"]
[Site "Hungary"]
[Round "8"]
[Result "0-1"]
[Date "1996.??.??"]
[WhiteElo "2165"]
[BlackElo "2210"]
[PlyCount "75"]
[EventDate "1995.??.??"]
[EventType "team-tourn"]
[EventRounds "11"]
[EventCountry "HUN"]
[SourceTitle "EXT 2000"]
[Source "ChessBase"]
[SourceDate "1999.11.16"]
[SourceVersion "1"]
[SourceVersionDate "1999.11.16"]
[SourceQuality "1"]

1. e4 c5 2. Nc3 Nc6 3. f4 g6 4. Nf3 Bg7 5. Bb5 Nd4 6. a4 Nxb5 7. Nxb5 d6 8. 0-0 Nf6 9. d3 0-0 10. Qe1 Bd7 11. Nc3 Bc6 12. Kh1 b6 13. Qh4 Qd7 14. h3 a6 15. f5 b5 16. Bh6 b4 17. Ne2 Nh5 18. Bxg7 Kxg7 19. g4 Nf6 20. Ng3 Bxa4 21. Rf2 Bc6 22. Kh2 a5 23. Ng5 h6 24. Nf3 a4 25. g5 hxg5 26. Nxg5 Rh8 27. Qf4 a3 28. bxa3 Rxa3 29. Rg1 b3 30. cxb3 Rxb3 31. Nxf7 Kxf7 32. fxg6+ Ke8 33. Nf5 Rxd3 34. h4 Bxe4 35. g7 Rg8 36. Qg5 Bxf5 37. Rxf5 Rxg7 38. Qf4 0-1

[Event "HUN-chT2 9495"]
[White "Kahan, Robert"]
[Black "Vancsura, Zoltan"]
[Site "Hungary"]
[Round "?"]
[Result "0-1"]
[Date "1995.??.??"]
[WhiteElo "2260"]
[BlackElo "2230"]
[PlyCount "92"]
[EventDate "1994.??.??"]
[EventType "team-tourn"]
[EventRounds "13"]
[EventCountry "HUN"]
[SourceTitle "EXT 1999"]
[Source "ChessBase"]
[SourceDate "1998.11.16"]
[SourceVersion "1"]
[SourceVersionDate "1998.11.16"]
[SourceQuality "1"]

1. c4 Nf6 2. g3 c5 3. Bg2 g6 4. Nc3 Bg7 5. e3 0-0 6. Nge2 Nc6 7. d4 cxd4 8. Nxd4 Rb8 9. 0-0 Nxd4 10. Qxd4 b6 11. e4 d6 12. Qd2 a6 13. b3 b5 14. cxb5 axb5 15. Bb2 Qa5 16. a3 Ng4 17. b4 Qd8 18. Nd5 Ne5 19. Ne3 Qb6 20. Kh1 Be6 21. Rfc1 Bc4 22. Bd4 Nf3 23. Bxf3 Bxd4 24. Nxc4 bxc4 25. Ra2 c3 26. Qc2 e5 27. Kg2 Kg7 28. Rb1 h5 29. a4 h4 30. a5 Qa7 31. b5 hxg3 32. hxg3 Rh8 33. b6 Qd7 34. Rh1 Rxh1 35. Kxh1 Qh3+ 36. Kg1 Qxg3+ 37. Bg2 Rh8 38. Kf1 Qg5 39. Qb3 Qc1+ 40. Ke2 Rh2 41. Rc2 Qg1 42. Kd3 Rxg2 43. Kc4 Rxf2 44. b7 Rxc2 45. Qxc2 Ba7 46. Qxc3 Qc5+ 0-1

[Event "HUN-chT2 9596"]
[White "Vancsura, Zoltan"]
[Black "Apatoczky, Pal"]
[Site "Hungary"]
[Round "6"]
[Result "0-1"]
[Date "1995.??.??"]
[WhiteElo "2210"]
[BlackElo "2190"]
[PlyCount "72"]
[EventDate "1995.??.??"]
[EventType "team-tourn"]
[EventRounds "11"]
[EventCountry "HUN"]
[SourceTitle "EXT 2000"]
[Source "ChessBase"]
[SourceDate "1999.11.16"]
[SourceVersion "1"]
[SourceVersionDate "1999.11.16"]
[SourceQuality "1"]

1. e4 e5 2. Nf3 Nc6 3. d4 exd4 4. Bc4 Bc5 5. c3 Nf6 6. e5 d5 7. Bb5 Ne4 8. cxd4 Bb4+ 9. Bd2 Nxd2 10. Nbxd2 0-0 11. a3 Bxd2+ 12. Qxd2 Bg4 13. Bxc6 bxc6 14. Rc1 Bxf3 15. gxf3 f6 16. f4 fxe5 17. fxe5 Qh4 18. Qe3 Rf4 19. Qg3 Re4+ 20. Kf1 Qh5 21. Re1 Rxe1+ 22. Kxe1 Qf5 23. Rg1 Qb1+ 24. Ke2 Qxb2+ 25. Kf1 Qb1+ 26. Ke2 Qc2+ 27. Kf1 g6 28. Qg4 Rf8 29. Rg2 Qc1+ 30. Ke2 Qxa3 31. h4 Qb2+ 32. Kd1 Qb1+ 33. Kd2 Qf1 34. Ke3 Kh8 35. h5 Qe1+ 36. Qe2 Qc3+ 0-1

[Event "HUN-chT2 9495"]
[White "Vancsura, Zoltan"]
[Black "Fekete, Albert"]
[Site "Hungary"]
[Round "?"]
[Result "0-1"]
[Date "1995.??.??"]
[WhiteElo "2230"]
[BlackElo "2265"]
[PlyCount "52"]
[EventDate "1994.??.??"]
[EventType "team-tourn"]
[EventRounds "13"]
[EventCountry "HUN"]
[SourceTitle "EXT 1999"]
[Source "ChessBase"]
[SourceDate "1998.11.16"]
[SourceVersion "1"]
[SourceVersionDate "1998.11.16"]
[SourceQuality "1"]

1. e4 Nf6 2. e5 Nd5 3. d4 d6 4. Bc4 Nb6 5. Bb3 Nc6 6. Qh5 g6 7. Qf3 e6 8. exd6 Nxd4 9. Qc3 Qxd6 10. Be3 Bg7 11. Qd3 0-0 12. Nd2 Rd8 13. 0-0-0 Nxb3+ 14. Qxb3 Qd5 15. Ngf3 Qxb3 16. Nxb3 Bd7 17. Na5 Nd5 18. Bg5 f6 19. Bh4 b6 20. c4 bxa5 21. cxd5 exd5 22. Rxd5 Bh6+ 23. Nd2 Bf5 24. Rxd8+ Rxd8 25. Rd1 Rd6 26. Bxf6 Rxf6 0-1

[Event "HUN-chT2 9495"]
[White "Vancsura, Zoltan"]
[Black "Gosztola, Istvan"]
[Site "Hungary"]
[Round "?"]
[Result "0-1"]
[Date "1995.??.??"]
[WhiteElo "2230"]
[BlackElo "2285"]
[PlyCount "120"]
[EventDate "1994.??.??"]
[EventType "team-tourn"]
[EventRounds "13"]
[EventCountry "HUN"]
[SourceTitle "EXT 1999"]
[Source "ChessBase"]
[SourceDate "1998.11.16"]
[SourceVersion "1"]
[SourceVersionDate "1998.11.16"]
[SourceQuality "1"]

1. e4 d5 2. Nc3 d4 3. Nce2 Bg4 4. f3 Bh5 5. Ng3 Bg6 6. f4 f6 7. Bc4 Nh6 8. Nf3 Nc6 9. 0-0 Qd6 10. d3 e5 11. fxe5 fxe5 12. Nh4 0-0-0 13. Bxh6 gxh6 14. Qg4+ Kb8 15. Ngf5 Bxf5 16. Nxf5 Qg6 17. Qh3 Na5 18. Bd5 c6 19. Nh4 Qg5 20. Be6 Bd6 21. a3 c5 22. Nf5 h5 23. Bf7 Bc7 24. Qxh5 Qxh5 25. Bxh5 c4 26. Nh6 Rhf8 27. Bf7 c3 28. b4 Nc6 29. Rf3 Rd6 30. Ng8 Nd8 31. Bb3 Rxf3 32. gxf3 Rg6+ 33. Kf2 Nc6 34. Rg1 Rxg1 35. Kxg1 Bd8 36. b5 Na5 37. Bd5 Bg5 38. Kg2 Kc7 39. Kh3 h5 40. Bf7 Kb6 41. a4 Kc5 42. Bxh5 Kb4 43. Kg4 Bf4 44. Ne7 Kxa4 45. Nd5 Bxh2 46. f4 exf4 47. e5 f3 48. Kxf3 Bxe5 49. Ke4 Bg7 50. Be8 Ka3 51. b6 axb6 52. Nxb6 Nc6 53. Bf7 Kb2 54. Bb3 Nb4 55. Nc4+ Kc1 56. Na3 b6 57. Ba4 Na6 58. Kd5 Nc5 59. Bb5 Kb2 60. Nc4+ Kxc2 0-1

[Event "HUN-chT2 9596"]
[White "Vancsura, Zoltan"]
[Black "Sergyan, Odon"]
[Site "Hungary"]
[Round "1"]
[Result "1-0"]
[Date "1995.??.??"]
[WhiteElo "2210"]
[BlackElo "2215"]
[PlyCount "107"]
[EventDate "1995.??.??"]
[EventType "team-tourn"]
[EventRounds "11"]
[EventCountry "HUN"]
[SourceTitle "EXT 2000"]
[Source "ChessBase"]
[SourceDate "1999.11.16"]
[SourceVersion "1"]
[SourceVersionDate "1999.11.16"]
[SourceQuality "1"]

1. e4 c5 2. Nf3 e6 3. d4 cxd4 4. Nxd4 a6 5. c4 Nf6 6. Nc3 Qc7 7. a3 Be7 8. Be2 b6 9. Be3 Bb7 10. f3 d6 11. Rc1 Nbd7 12. 0-0 Rc8 13. b4 Qb8 14. Nb3 0-0 15. Qd2 Rfe8 16. Rfd1 Bf8 17. Bf1 Qa8 18. Na4 Rb8 19. Nxb6 Nxb6 20. Bxb6 Bxe4 21. Qe3 Qc6 22. Ba7 Bg6 23. Bxb8 Rxb8 24. c5 Nd5 25. Rxd5 exd5 26. Nd4 Qa8 27. c6 Re8 28. Qf2 Be7 29. g3 Rc8 30. Bh3 Rc7 31. Bd7 Qa7 32. Kg2 Bf6 33. Nb3 d4 34. a4 h6 35. Qe2 Qb6 36. b5 d3 37. Qf2 Qxf2+ 38. Kxf2 axb5 39. axb5 d2 40. Nxd2 Bd4+ 41. Ke2 Kf8 42. Rc4 Bg1 43. Ra4 Ke7 44. Nc4 Rxd7 45. cxd7 Kxd7 46. b6 d5 47. Ne5+ Kc8 48. Nxg6 fxg6 49. Ra8+ Kb7 50. Ra7+ Kxb6 51. Rxg7 Kc5 52. Rxg6 Bxh2 53. Kf2 d4 54. Rxh6 1-0

[Event "Budapest"]
[White "Vancsura, Zoltan"]
[Black "Barbero, Gerardo F"]
[Site "Budapest"]
[Round "?"]
[Result "0-1"]
[Date "1988.??.??"]
[WhiteElo "2295"]
[BlackElo "2505"]
[PlyCount "98"]
[EventDate "1988.05.??"]
[EventType "tourn"]
[EventRounds "13"]
[EventCountry "HUN"]
[EventCategory "8"]
[SourceTitle "CBM 008"]
[Source "ChessBase"]
[SourceDate "1989.02.01"]
[SourceVersion "1"]
[SourceVersionDate "1989.02.01"]
[SourceQuality "1"]

1. e4 c5 2. Nf3 Nc6 3. d4 cxd4 4. Nxd4 Nf6 5. Nc3 d6 6. Bg5 e6 7. Qd2 a6 8. 0-0-0 Bd7 9. f4 h6 10. Bh4 g5 11. fxg5 Ng4 12. Nf3 hxg5 13. Bg3 Be7 14. h3 Nge5 15. Nxe5 Nxe5 16. Be2 Qc7 17. Rhe1 Rh7 18. Qd4 b5 19. a3 Rb8 20. Rd2 a5 21. Red1 f6 22. Bxe5 fxe5 23. Qf2 b4 24. axb4 axb4 25. Nb1 Ra8 26. Rf1 Ra1 27. Bg4 Qc4 28. b3 Qa6 29. Rdd1 Bb5 30. Rfe1 Qa2 31. Kd2 Qxc2+ 32. Kxc2 Ra2+ 33. Kc1 Rxf2 34. Rd2 Rf6 35. Ra2 Bd8 36. Bf3 Bb6 37. Ra8+ Kd7 38. Nd2 Kc6 39. Nc4 Bd4 40. Kc2 Rff7 41. Rc1 Ra7 42. Rg8 Bxc4 43. bxc4 Ra2+ 44. Kd1 Bc3 45. Rc2 Rha7 46. Rxg5 b3 47. Rxc3 Ra1+ 48. Kd2 R7a2+ 49. Ke3 b2 0-1

[Event "Budapest"]
[White "Vancsura, Zoltan"]
[Black "Kotronias, Vasilios"]
[Site "Budapest"]
[Round "?"]
[Result "0-1"]
[Date "1988.??.??"]
[WhiteElo "2295"]
[BlackElo "2465"]
[PlyCount "98"]
[EventDate "1988.05.??"]
[EventType "tourn"]
[EventRounds "13"]
[EventCountry "HUN"]
[EventCategory "8"]
[SourceTitle "CBM 008"]
[Source "ChessBase"]
[SourceDate "1989.02.01"]
[SourceVersion "1"]
[SourceVersionDate "1989.02.01"]
[SourceQuality "1"]

1. e4 c5 2. Nf3 e6 3. d4 cxd4 4. Nxd4 Nc6 5. Nc3 Qc7 6. Be3 a6 7. a3 b5 8. Be2 Bb7 9. 0-0 Nf6 10. Nxc6 Bxc6 11. Qd4 Bd6 12. h3 0-0 13. Qd3 Be5 14. Bd4 Rfd8 15. Bf3 d6 16. Rad1 Nd7 17. Rfe1 Rac8 18. Qe3 Bxd4 19. Rxd4 Nb6 20. Be2 e5 21. Rd2 f5 22. Nd5 Bxd5 23. exd5 Qc5 24. g4 Qxe3 25. fxe3 g6 26. gxf5 gxf5 27. e4 Kf7 28. Kh2 Nc4 29. Bxc4 Rxc4 30. exf5 Rdc8 31. c3 Rf4 32. Rg1 Rg8 33. Rxg8 Kxg8 34. Kg3 Kf7 35. b3 Kf6 36. Rc2 Kxf5 37. c4 bxc4 38. bxc4 Ke4 39. c5 Kxd5 40. cxd6 Kxd6 41. Rc8 Kd5 42. Rb8 Rf6 43. a4 e4 44. Rb3 Kc4 45. Rb7 h6 46. h4 e3 47. Rb2 Kc3 48. Ra2 Kb3 49. Re2 Re6 0-1